Markets (Record no. 83711)

MARC details
000 -LEADER
fixed length control field 00978cab a22002175a 4500
001 - CONTROL NUMBER
control field L154705
008 - FIXED-LENGTH DATA ELEMENTS--GENERAL INFORMATION
fixed length control field 120116e20120106xxk 000 0 eng d
035 ## - SYSTEM CONTROL NUMBER
System control number (Sirsi) u154705
041 0# - LANGUAGE CODE
Language code of text/sound track or separate title eng
100 1# - MAIN ENTRY--PERSONAL NAME
Personal name Stewart, Sarah
245 00 - TITLE STATEMENT
Title Markets
Remainder of title Islands of Britain
260 ## - PUBLICATION, DISTRIBUTION, ETC.
Date of publication, distribution, etc. 2012
490 #0 - SERIES STATEMENT
Series statement Property Week
Volume/sequential designation 78(01) 6 January 2012, 39-42(4)
520 ## - SUMMARY, ETC.
Summary, etc. Jersey developer C Le Masurier goes ahead with a 300 000 sq ft on Broad Street in Jersey's financial district. States of Guernsey's statutory Strategic Land Use Plan was agreed in November after 10 years. The value of Guernsey's investment fund industry fell by 1.2% in Q3 2011. Askett-Hawk is to develop a mixed-use scheme on the waterfront at Douglas, Isle of Man. Jersey landlords must prepare for the activation of the Goods and Service Tax law in August 2012.
590 ## - LOCAL NOTE (RLIN)
Local note KA
651 #4 - SUBJECT ADDED ENTRY--GEOGRAPHIC NAME
Geographic name Guernsey
651 #4 - SUBJECT ADDED ENTRY--GEOGRAPHIC NAME
Geographic name Jersey
651 #4 - SUBJECT ADDED ENTRY--GEOGRAPHIC NAME
Geographic name Isle of Man
690 ## - LOCAL SUBJECT ADDED ENTRY--TOPICAL TERM (OCLC, RLIN)
Topical term or geographic name as entry element Commercial property
9 (RLIN) 6227
942 ## - ADDED ENTRY ELEMENTS (KOHA)
Suppress in OPAC 0
Holdings
Withdrawn status Lost status Source of classification or shelving scheme Damaged status Not for loan Home library Current library Shelving location Date acquired Total Checkouts Full call number Barcode Date last seen Copy number Price effective from Koha item type
    Dewey Decimal Classification     London London Journal article 15/01/2012   L154705 154705-1001 06/08/2019 1 06/08/2019 Journal article